00341nam a2200145Ia 4500008004100000020001800041041000800059082001300067100001500080245003300095260002800128300000800156365001600164700001500180230718s9999 xx 000 0 und d a9789380942599 aeng a954bSIN aSingh K.V. aLesser Turned Pages of India c2011bTimes Group Books a304 cRs.b349.00 aSingh K.V.